|
|
|
|
| LEADER |
00000nam2a2200000 4500 |
| 001 |
279897 |
| 005 |
20231101235244.0 |
| 035 |
|
|
|a (RuTPU)RU\TPU\book\303202
|
| 090 |
|
|
|a 279897
|
| 100 |
|
|
|a 20141224d1967 k y0rusy50 ca
|
| 101 |
0 |
|
|a rus
|
| 102 |
|
|
|a RU
|
| 105 |
|
|
|a a b 001zy
|
| 200 |
0 |
|
|a Каталог ледников СССР
|a Т. 13 : Центральный и Южный Казахстан. Вып. 2. Бассейн оз. Балхаш, Ч. 1 : Бассейны левых притоков р. Или от устья р. Курты до устья р. Тургень
|f Е. Н. Вилесов, Р. В. Хонин
|g Академия наук Казахской ССР (АН КазССР), Сектор физической географии ; отв. ред. В. М. Котляков
|
| 210 |
|
|
|d 1967
|
| 215 |
|
|
|a 79 с.
|c ил.
|
| 320 |
|
|
|a Библиогр.: с. 61-72.
|
| 461 |
|
1 |
|0 (RuTPU)RU\TPU\book\146385
|t Ресурсы поверхностных вод СССР
|f СССР, Главное управление Гидрометеорологической службы (ГУГМС)
|v Каталог ледников СССР ; Т. 13 : Центральный и Южный Казахстан. Вып. 2. Бассейн оз. Балхаш, Ч. 1 : Бассейны левых притоков р. Или от устья р. Курты до устья р. Тургень
|d [1964]-
|
| 606 |
1 |
|
|a Воды поверхностные
|2 stltpush
|3 (RuTPU)RU\TPU\subj\3146
|9 31601
|
| 606 |
1 |
|
|a Ледники
|2 stltpush
|3 (RuTPU)RU\TPU\subj\39930
|9 59828
|
| 610 |
1 |
|
|a Балхаш
|
| 610 |
1 |
|
|a Казахстан
|
| 610 |
1 |
|
|a Алма-Ата
|
| 610 |
1 |
|
|a схемы
|
| 610 |
1 |
|
|a таблицы
|
| 610 |
1 |
|
|a графики
|
| 610 |
1 |
|
|a фотографии
|
| 675 |
|
|
|a 556.5
|v 3
|
| 675 |
|
|
|a 551.324
|v 3
|
| 700 |
|
1 |
|a Вилесов
|b Е. Н.
|
| 701 |
|
1 |
|a Хонин
|b Р. В.
|
| 702 |
|
1 |
|a Котляков
|b В. М.
|4 340
|
| 712 |
0 |
2 |
|a Академия наук Казахской ССР (АН КазССР)
|b Сектор физической географии
|c (Алма-Ата)
|2 stltpush
|3 (RuTPU)RU\TPU\col\4941
|
| 801 |
|
1 |
|a RU
|b 63413507
|c 20141224
|
| 801 |
|
2 |
|a RU
|b 63413507
|c 20150921
|g RCR
|
| 942 |
|
|
|c BK
|